000 01084cam a22003375a 4500
001 17187669
003 EG-ScBUE
005 20220908121801.0
008 120229t2012 mau f 000 0 eng d
020 _a9781592537747
040 _aDLC
_beng
_erda
_cDLC
_dEG-ScBUE
082 0 4 _222
_a700.922
_bSAL
100 1 _aSalamony, Sandra,
_eauthor.
245 1 0 _a1,000 artists' books :
_bexploring the book as art /
_cSandra Salamony, Peter Thomas, Donna Thomas.
246 3 _aOne thousand artists' books :
_bexploring the book as art
264 1 _a Beverly, MA :
_bQuarry Books,
_c[2012]
264 4 _cc2012
300 _a320 pages :
_billustrations ;
_c25 cm
336 _2rdacontent
_atext
_btxt
337 _2rdamedia
_aunmediated
_bn
338 _2rdacarrier
_avolume
_bnc
650 7 _aArtists' books
_2BUEsh
651 _2BUEsh
653 _bGGEN
_cApril2018
655 _vReading book
_934232
700 1 _aThomas, Peter,
_eauthor.
700 1 _aThomas, Donna,
_eauthor.
906 _a0
_bibc
_corignew
_d2
_eepcn
_f20
_gy-gencatlg
942 _2ddc
_cBB
999 _c26472
_d26444